<?xml version="1.0" encoding="UTF-8"?><?xml-stylesheet type="text/xsl" href="static/style.xsl"?><OAI-PMH xmlns="http://www.openarchives.org/OAI/2.0/" xmlns:xsi="http://www.w3.org/2001/XMLSchema-instance" xsi:schemaLocation="http://www.openarchives.org/OAI/2.0/ http://www.openarchives.org/OAI/2.0/OAI-PMH.xsd"><responseDate>2026-06-02T11:50:15Z</responseDate><request verb="GetRecord" identifier="oai:riuma.uma.es:10630/2560" metadataPrefix="marc">https://riuma.uma.es/rest/oai/request</request><GetRecord><record><header><identifier>oai:riuma.uma.es:10630/2560</identifier><datestamp>2026-02-03T12:37:42Z</datestamp><setSpec>com_10630_2254</setSpec><setSpec>col_10630_37957</setSpec></header><metadata><record xmlns="http://www.loc.gov/MARC21/slim" xmlns:dcterms="http://purl.org/dc/terms/" xmlns:doc="http://www.lyncode.com/xoai" xmlns:xsi="http://www.w3.org/2001/XMLSchema-instance" xsi:schemaLocation="http://www.loc.gov/MARC21/slim http://www.loc.gov/standards/marcxml/schema/MARC21slim.xsd">
   <leader>00925njm 22002777a 4500</leader>
   <datafield ind2=" " ind1=" " tag="042">
      <subfield code="a">dc</subfield>
   </datafield>
   <datafield ind2=" " ind1=" " tag="720">
      <subfield code="a">Díaz Luque, Pablo</subfield>
      <subfield code="e">author</subfield>
   </datafield>
   <datafield ind2=" " ind1=" " tag="260">
      <subfield code="c">2005</subfield>
   </datafield>
   <datafield ind2=" " ind1=" " tag="520">
      <subfield code="a">La tesis ofrece una metodología para el análisis de la presencia oficial de los destinos turísticos en Internet. Para ello se estudian los principales elementos que deben poseer los sitios webs de promoción oficial de los destinos turísticos administrativos. Estos elementos se agrupan en torno a 4 aspectos principales: información, distribución, comunicación interactiva e idiomas. Así, se construyen cuatro índices sintéticos de 0 a 100 para medir los aspectos mencionados. Previa construcción de la metodología se estudió la relevancia del turismo en la economía española, y como los turistas utilizan cada vez más Internet para realizar y planificar sus estancias turísticas. Posteriormente se analizaron las principales administraciones turísticas y como el marketing de las mismas se ve afectado a la hora de promocionar su destino turístico por la presencia adecuada en Internet. La metodología creada es posteriormente aplicada a las principales Administraciones españolas: Comunidades Autónomas, Provincias y Municipios (Capitales de Provincia y Ciudades Autónomas). Los resultados generales registran una buena valoración en el primer indicador de información. Sin embargo, el resto de indicadores obtienen puntuaciones bajas (comunicación interactiva e idiomas) o muy bajas (distribución).</subfield>
   </datafield>
   <datafield ind1="8" ind2=" " tag="024">
      <subfield code="a">9788497475365</subfield>
   </datafield>
   <datafield ind1="8" ind2=" " tag="024">
      <subfield code="a">http://hdl.handle.net/10630/2560</subfield>
   </datafield>
   <datafield tag="653" ind2=" " ind1=" ">
      <subfield code="a">Asociaciones de turismo en Internet - España - Tesis doctorales</subfield>
   </datafield>
   <datafield ind2="0" ind1="0" tag="245">
      <subfield code="a">Metodología para la presencia de las zonas turísticas españolas en Internet. Las organizaciones de destinos turísticos</subfield>
   </datafield>
</record>
</metadata></record></GetRecord></OAI-PMH>